Popular Baby Girl Names 2015 - Statistics

General Stats
  • This quiz has been taken 1,191 times
  • The average score is 22 of 50
Answer Stats
Hint Answer % Correct
2 Emma
85%
9 Emily
82%
3 Olivia
80%
1 Sophia
77%
4 Ava
76%
38 Isabelle
76%
44 Elizabeth
71%
42 Sarah
69%
37 Anna
67%
26 Hannah
67%
6 Mia
67%
41 Lillian
66%
8 Lily
66%
12 Chloe
64%
20 Ella
63%
13 Charlotte
62%
36 Grace
62%
11 Madison
59%
16 Abigail
57%
21 Amelia
57%
5 Isabella
54%
50 Victoria
51%
7 Zoe
50%
28 Evelyn
45%
29 Addison
42%
39 Natalie
42%
15 Avery
39%
25 Hailey
39%
19 Harper
39%
32 Ellie
35%
24 Aria
33%
45 Leah
31%
49 Claire
28%
23 Riley
27%
14 Aubrey
24%
43 Audrey
24%
33 Brooklyn
23%
34 Nora
23%
35 Scarlett
23%
47 Kylie
22%
48 Mila
20%
18 Layla
19%
46 Annabelle
17%
40 Kaitlyn
15%
17 Kaylee
15%
30 Mackenzie
15%
22 Arianna
13%
27 Aaliyah
9%
10 Madelyn
9%
31 Adalyn
3%
No matching quizzes found
Score Distribution
Percent of People with Each Score
Percentile by Number Answered
Your Score History
You have not taken this quiz